[Event "Hochsauerland-ch U16"]
[Site "Winterberg"]
[Date "2002.01.02"]
[Round "1"]
[White "Runte, Saskia"]
[Black "Puetz, Steffen"]
[Result "0-1"]
[WhiteElo "1384"]
[BlackElo "1203"]
[PlyCount "56"]
[EventDate "2002.01.02"]
[EventType "swiss"]
[EventRounds "5"]
[EventCountry "GER"]
[SourceTitle "EXT 2005"]
[Source "ChessBase"]
[SourceDate "2004.11.15"]
[SourceVersion "1"]
[SourceVersionDate "2004.11.15"]
[SourceQuality "1"]

1. e4 c5 2. Nf3 Nc6 3. Bb5 a6 4. Bxc6 bxc6 5. d3 d5 6. 0-0 Bg4 7. Nc3 d4 8. Na4 e5 9. Qe1 Bxf3 10. gxf3 Nf6 11. Bg5 Be7 12. Bxf6 Bxf6 13. Nxc5 Qb6 14. Na4 Qb5 15. b3 c5 16. Qd2 0-0 17. f4 Rae8 18. fxe5 Rxe5 19. f4 Rh5 20. Qe2 g6 21. e5 Bh4 22. e6 Re8 23. Qg4 Rxe6 24. f5 Rg5 25. Qxg5 Bxg5 26. fxe6 fxe6 27. Rae1 Be3+ 28. Kh1 Qc6+ 0-1